| 000 | 00366nam a2200145Ia 4500 | ||
|---|---|---|---|
| 008 | 190704s9999||||xx |||||||||||||| ||und|| | ||
| 020 | _a8183330088 | ||
| 082 |
_a005 _bBAY/W |
||
| 100 | _a Bayross, Ivan | ||
| 245 | 0 | _aWeb Enablad Commmercial Application Development | |
| 250 | _a1st Edition | ||
| 260 |
_aNew Delhi _bBPB Pub. _c2008 |
||
| 300 | _a427p | ||
| 942 | _cBK | ||
| 999 |
_c6118 _d6118 |
||